000 00516nam a2200181Ia 4500
008 090630s9999 xx 000 0 und d
082 _b23032
100 _aकिनरे जयंत.
245 _aअस्त.
_cकिनरे जयंत.
260 _bमधुश्री.
_c2002
300 _a224
600 _aकिनरे जयंत.
630 _aअस्त.
655 _aकादंबरी.
700 _aकिनरे जयंत.
730 _aअस्त.
942 _cBOOK
999 _c274888
_d274888